Metapolitics <the> roots of the nazi mind
Na minha lista:
| Autor principal: | |
|---|---|
| Formato: | Livro |
| Idioma: | inglês |
| Publicado em: |
New York
Capricorn Books
1965
|
| Edição: | 3rd impression |
| Assuntos: | |
| Tags: |
Sem tags, seja o primeiro a adicionar uma tag!
|
MARC
| LEADER | 00000nam$a2200000$$$4500 | ||
|---|---|---|---|
| 001 | 0090421 | ||
| 005 | 20221207103825.0 | ||
| 041 | 0 | |a eng | |
| 044 | |a US | ||
| 245 | 1 | 0 | |a Metapolitics |b <the> roots of the nazi mind |c Peter Viereck |
| 250 | |a 3rd impression | ||
| 264 | 1 | |a New York |b Capricorn Books |c 1965 | |
| 300 | |a 371 s. | ||
| 610 | 2 | 0 | |a politika |
| 610 | 2 | 0 | |a spoločnosť |
| 610 | 2 | 0 | |a kultúra |
| 610 | 2 | 0 | |a civilizácia |
| 610 | 2 | 0 | |a vojny |
| 610 | 2 | 0 | |a fašizmus |
| 610 | 2 | 0 | |a filozofia |
| 610 | 2 | 0 | |a osobnosť |
| 610 | 2 | 0 | |a liberalizácia |
| 610 | 2 | 0 | |a revolúcia |
| 610 | 2 | 0 | |a Nemecko |
| 610 | 2 | 0 | |a Hitler, A. |
| 100 | 1 | |a Viereck, Peter | |